Do Epic Shit (Record no. 12307)

MARC details
000 -LEADER
fixed length control field 00253nam a22000977a 4500
008 - FIXED-LENGTH DATA ELEMENTS--GENERAL INFORMATION
fixed length control field 230607b |||||||| |||| 00| 0 eng d
020 ## - INTERNATIONAL STANDARD BOOK NUMBER
International Standard Book Number 9789391165482
100 ## - MAIN ENTRY--PERSONAL NAME
Personal name Warikoo Ankur
9 (RLIN) 7677
245 ## - TITLE STATEMENT
Title Do Epic Shit
260 ## - PUBLICATION, DISTRIBUTION, ETC. (IMPRINT)
Place of publication, distribution, etc. New Delhi
Name of publisher, distributor, etc. Juggernaut Books
Date of publication, distribution, etc. 2021
Holdings
Withdrawn status Lost status Source of classification or shelving scheme Damaged status Koha normalized classification for sorting Not for loan Home library Current library Shelving location Date acquired Total Checkouts Total Renewals Full call number Barcode Checked out Date last seen Date last checked out Price effective from Koha item type
    Dewey Decimal Classification   WAN_158_100000000000000   Good Samaritan School Library Good Samaritan School Library PSYCHOLOGY 06/07/2023 22 6 WAN158.1 WAN17595 12/03/2025 11/26/2025 11/26/2025 06/07/2023 BOOK

Powered by Koha